| 000 | 00593nam a2200181 i 4500 | ||
|---|---|---|---|
| 001 | 21467 | ||
| 003 | ES-MaACL | ||
| 005 | 20231221152501.0 | ||
| 007 | t| | ||
| 008 | 021125s1934 sp ||||1| spa d | ||
| 100 | 1 |
_aAlcalá Zamora, Niceto, _d1877-1949 _919473 |
|
| 245 | 1 | 3 |
_aEl Derecho y sus Colindancias en el Teatro de Don Juan Ruiz de Alarcón / _cNiceto Alcalá-Zamora y Torres. |
| 260 |
_aMadrid : _b[s.n.], _c1934 ( _fImp. de Archivos) |
||
| 300 |
_a85 p. ; _c24 cm. |
||
| 600 | 0 | 4 |
_aRuiz de Alarcón y Mendoza, Juan. _9100719 |
| 852 |
_aES-MaACL _j1799-F-8 |
||
| 999 |
_c21467 _d21467 |
||